00621nam a22001097a 4500008004100000100002500041245009300066260003700159300003200196520024600228773003700474240830b ||||| |||| 00| 0 eng d aCarliner, Geoffrey  aNorberg, Johan. The capitalist manifesto: Why the global free market will save the world aJournal of Economic Literature  a62(2), Jun, 2024: p.811-813 aCarliner, Geoffrey. 2024. "Norberg, Johan. The Capitalist Manifesto: Why the Global Free Market Will Save the World." Journal of Economic Literature, 62 (2): 811–13.- Reproduced https://www.aeaweb.org/articles?id=10.1257/jel.62.2.807.r3  aJournal of Economic Literature